00501cam a22001934a 4500001000800000005001700008008004100025010001700066020001500083040001800098041000800116042000800124080001600132082002000148100000700168101000800175245007000183246005400253499458720180119042325.0990204s1999 nyu 000 0 eng  a 99019452  a0684852861 aDLCcDLCdDLC aeng apcc a658.409 BUC00a658.409 BUC2211 a54 aMEN10aFirst, break all the rules :cMarcus Buckingham and Curt Coffman.30aWhat the world's greatest managers do differently